Wymień poprawny azjatycki kraj - Statystyki

Ogólne statystyki
  • Ten quiz został rozwiązany 268 razy
  • Średni wynik to 14 z 20
Statystyki odpowiedzi
Nazwij azjatycki kraj ... Poprawne kraje % Poprawnych
który zamieszkuje ponad miliard ludzi Chiny | Indie
100%
który graniczy z Iranem Afganistan | Armenia | Azerbejdżan | Irak | Pakistan | Turcja | Turkmenistan
94%
z więcej niż jednym wyrazem w swojej nazwie Arabia Saudyjska | Korea Południowa | Korea Północna | Sri Lanka | Timor Wschodni | Zjednoczone Emiraty Arabskie
92%
który był częścią Związku Sowieckiego Armenia | Azerbejdżan | Gruzja | Kazachstan | Kirgistan | Tadżykistan | Turkmenistan | Uzbekistan
85%
który graniczy z Chinami i Rosją Kazachstan | Korea Północna | Mongolia
85%
w którym angielski jest językiem urzędowym Brunei | Filipiny | Indie | Pakistan | Singapur
76%
który zamieszkuje mniej niż milion ludzi Bhutan | Brunei | Malediwy
72%
ze stolicą, która składa się z dwóch wyrazów Brunei | Indie | Kambodża | Kazachstan | Malezja | Mongolia | Sri Lanka | Zjednoczone Emiraty Arabskie
72%
których nazwa zawiera literę Y Arabia Saudyjska | Chiny | Cypr | Filipiny | Malediwy | Syria | Tadżykistan | Zjednoczone Emiraty Arabskie
70%
który ma spory terytorialne z Chinami Bhutan | Brunei | Filipiny | Indie | Indonezja | Japonia | Malezja | Tajwan | Wietnam
69%
przez który przepływa rzeka Mekong Chiny | Kambodża | Mjanma | Laos | Tajlandia | Wietnam
67%
który ma powierzchnię mniejszą niż 50 tys. km² Armenia | Bahrajn | Bhutan | Brunei | Cypr | Izrael | Katar | Kuwejt | Liban | Malediwy | Singapur | Tajwan | Timor Wschodni
66%
który jest członkiem NATO Turcja
65%
z przewidywaną długością życia mniejszą niż 68 lat Afganistan | Jemen | Laos | Mjanma | Pakistan | Syria | Turkmenistan
63%
położone na równiku Indonezja
61%
którego stolica zaczyna się na literę K Afganistan | Kuwejt | Malezja | Nepal
58%
w którym panuje monarchia absolutna Arabia Saudyjska | Brunei | Katar | Oman |
58%
który styka się z Morzem Kaspijskim Azerbejdżan | Iran | Kazachstan | Turkmenistan
56%
z PKB per capita przekraczającym 100.000$ (2019, PPP) Katar | Singapur
52%
z rocznymi opadami nieprzekraczającymi 15 cm Arabia Saudyjska | Bahrajn | Katar | Kuwejt | Oman | Zjednoczone Emiraty Arabskie
50%
Nie znaleziono quizów pasujących do podanych kryteriów
Rozkład punktacji
Procent ludzi z każdym wynikiem
Percentyl według liczby udzielonych odpowiedzi
Twoja historia wyników
Nie rozwiązałeś tego quizu